| 000 | 00673nam a2200253 a 4500 | ||
|---|---|---|---|
| 999 |
_c12027 _d12027 |
||
| 001 | 120027 | ||
| 003 | BD-JhCC | ||
| 005 | 20230105134024.0 | ||
| 008 | 210308b20032018ii |||| ||a| 000 0 eng d | ||
| 020 | _a978812910241 | ||
| 035 | _a(BD-JhCC)12027 | ||
| 040 |
_aBD-JhCC _dBD-JhCC |
||
| 041 | _aeng | ||
| 082 |
_a833.912 _bHES 2018 |
||
| 100 | _aHesse,Hermann | ||
| 245 |
_aSiddhartha / _cHermann Hesse,Tran: Halda Rosener |
||
| 260 |
_aNew Delhi: _bRupa; _c2018. |
||
| 300 |
_a121 p. : _c21 cm. |
||
| 650 | _aIndia | ||
| 651 |
_aBuddhism _xBuddhist philosophy _yManners and customs _zReligion |
||
| 700 | _aRosener, Halda | ||
| 942 |
_2ddc _cBK _01 |
||